Rây phân tử và vật liệu hấp phụ dùng cho học viên cao học và nghiên cứu sinh các ngành Hóa học, Kỹ thuật hóa học và Kỹ thuật vật liệu
Thư mục tài liệu tham khảo: tr.126-127; Trình bày những vấn đề chung về hấp phụ và giải hấp phụ. Phương pháp chế tạo chất hấp phụ. Chất hấp phụ khoáng sét tự nhiên và chất hấp phụ rây phân tử. Rây phân tử kích thước Nano và một số p...
Đã lưu trong:
| 主要作者: | |
|---|---|
| 格式: | 圖書 |
| 語言: | Undetermined |
| 出版: |
H.
Bách khoa - Hà Nội
2012
|
| 主題: | |
| 在線閱讀: | http://lrc.tdmu.edu.vn/opac/search/detail.asp?aID=2&ID=20656 |
| 標簽: |
添加標簽
沒有標簽, 成為第一個標記此記錄!
|
| Thư viện lưu trữ: | Trung tâm Học liệu Trường Đại học Thủ Dầu Một |
|---|
| LEADER | 01399nam a2200217Ia 4500 | ||
|---|---|---|---|
| 001 | TDMU_20656 | ||
| 008 | 210410s9999 xx 000 0 und d | ||
| 082 | |a 549.68 | ||
| 090 | |b T100 | ||
| 100 | |a Tạ Ngọc Đôn | ||
| 245 | 0 | |a Rây phân tử và vật liệu hấp phụ | |
| 245 | 0 | |b dùng cho học viên cao học và nghiên cứu sinh các ngành Hóa học, Kỹ thuật hóa học và Kỹ thuật vật liệu | |
| 245 | 0 | |c Tạ Ngọc Đôn | |
| 260 | |a H. | ||
| 260 | |b Bách khoa - Hà Nội | ||
| 260 | |c 2012 | ||
| 300 | |a 128 tr. | ||
| 520 | |a Thư mục tài liệu tham khảo: tr.126-127; Trình bày những vấn đề chung về hấp phụ và giải hấp phụ. Phương pháp chế tạo chất hấp phụ. Chất hấp phụ khoáng sét tự nhiên và chất hấp phụ rây phân tử. Rây phân tử kích thước Nano và một số phương pháp rây phân tử. Các kết quả nghiên cứu và ứng dụng vật liệu rây phân tử từ khoáng sét Việt Nam | ||
| 650 | |a Rây phân tử; Zeolites; Chất hấp phụ; Vật liệu hóa học |x Ứng dụng | ||
| 856 | |u http://lrc.tdmu.edu.vn/opac/search/detail.asp?aID=2&ID=20656 | ||
| 980 | |a Trung tâm Học liệu Trường Đại học Thủ Dầu Một | ||